Statistics for Christmas Specials 2022 #2: Countries that observe Christmas

Click here to take the quiz!

General Stats

  • This quiz has been taken 11 times
  • The average score is 35 of 74

Answer Stats

ContinentCountry% Correct
OceaniaAustralia
86%
South AmericaBrazil
71%
AsiaChina
71%
EuropeFrance
71%
EuropeGermany
71%
AsiaPhilippines
71%
Asia/EuropeRussia
71%
EuropeSlovakia
71%
EuropeSpain
71%
North AmericaUnited States
71%
EuropeBosnia and Herzegovina
57%
North AmericaCanada
57%
South AmericaColombia
57%
EuropeCroatia
57%
AfricaEthiopia
57%
North AmericaGuatemala
57%
AsiaIndia
57%
AsiaIndonesia
57%
EuropeItaly
57%
North AmericaJamaica
57%
AsiaJapan
57%
North AmericaMexico
57%
EuropePortugal
57%
EuropeSlovenia
57%
EuropeSweden
57%
AsiaThailand
57%
EuropeUnited Kingdom
57%
AsiaVietnam
57%
AsiaArmenia
43%
EuropeAustria
43%
AsiaBangladesh
43%
AsiaBhutan
43%
AsiaBrunei
43%
EuropeBulgaria
43%
North AmericaCuba
43%
EuropeCyprus
43%
EuropeCzech Republic
43%
EuropeDenmark
43%
AfricaEritrea
43%
EuropeEstonia
43%
EuropeFinland
43%
EuropeGreece
43%
South AmericaGuyana
43%
EuropeHungary
43%
EuropeIceland
43%
AsiaIraq
43%
EuropeIreland
43%
AsiaJordan
43%
EuropeMalta
43%
OceaniaNew Zealand
43%
AfricaNigeria
43%
EuropeNorway
43%
AsiaPakistan
43%
EuropePoland
43%
EuropeRomania
43%
EuropeSerbia
43%
AfricaSouth Africa
43%
North AmericaThe Bahamas
43%
South AmericaUruguay
43%
South AmericaVenezuela
43%
North AmericaEl Salvador
29%
AsiaLebanon
29%
AsiaMalaysia
29%
EuropeMoldova
29%
EuropeMontenegro
29%
EuropeNetherlands
29%
AfricaSenegal
29%
AsiaSingapore
29%
AsiaSouth Korea
29%
AsiaTaiwan
29%
EuropeUkraine
29%
AsiaUzbekistan
29%
AfricaZambia
29%
AsiaGeorgia
14%

Score Distribution

Percentile by Number Answered

Percent of People with Each Score

Your Score History

You have not taken this quiz